| 000 | 01397cam a2200385 i 4500 | ||
|---|---|---|---|
| 001 | .b18808323 | ||
| 003 | YEEZEN | ||
| 005 | 20241230160003.0 | ||
| 008 | 230322s2023 ch a r 000 0 chi d | ||
| 020 |
_a9789861344454 _q(平裝) : _cNT$450 |
||
| 040 |
_aCJCU _dNTOU _cCJCU |
||
| 041 | 1 |
_achi _hswe |
|
| 042 | _anbic | ||
| 090 | _a784.758 | ||
| 100 | 1 |
_a林德布勞 _c(Lindeblad, Björn Natthiko) |
|
| 100 | 1 | _aLindeblad, Björn Natthiko. | |
| 245 | 1 | 0 |
_a我可能錯了 : _b森林智者的最後一堂人生課 / _c比約恩.納提科.林德布勞(Bjorn Natthiko Lindeblad), 卡洛琳.班克勒(Caroline Bankler), 納維德.莫迪里(Navid Modiri)著; 郭騰堅譯 |
| 246 | 3 | 0 | _a森林智者的最後一堂人生課 |
| 246 | 3 | 3 | _a森林智者的最後1堂人生課 |
| 250 | _a初版 | ||
| 260 |
_a臺北市 : _b先覺, _c2023.02 |
||
| 300 |
_a224面 : _b彩圖, 部份彩像 ; _c21公分 |
||
| 490 | 1 |
_a人文思潮 ; _v161. |
|
| 600 | 1 | 7 |
_a林德布勞 _c(Lindeblad, Björn Natthiko, 1961-2022) _2lcstt. |
| 650 | 7 |
_a傳記 _2lcstt. |
|
| 650 | 7 |
_a比丘 _2lcstt. |
|
| 650 | 7 |
_a自我實現 _2lcstt. |
|
| 700 | 1 |
_a班克勒 _c(Bankler, Caroline) |
|
| 700 | 1 |
_a莫迪里 _c(Modiri, Navid) |
|
| 700 | 1 | _a郭, 騰堅 | |
| 700 | 1 | _aBankler, Caroline. | |
| 700 | 1 | _aModiri, Navid. | |
| 765 | 0 | _tJag kan ha fel och andra visdomar från mitt liv som buddhistmunk. | |
| 942 |
_2ccl _cBOOK |
||
| 999 |
_c7630 _d7630 |
||